| 000 | 00404ntaaa2200169 4500 | ||
|---|---|---|---|
| 003 | 01 | ||
| 005 | 20251027202721.0 | ||
| 008 | 0714s1973 ag 01 | ||
| 040 |
_aAR-BaBN _bspa _cAR-BaBN _eaacr _dRIC |
||
| 082 | _a614.0000 | ||
| 245 | _aLa higiene en el hogar | ||
| 250 | _a1 ed. | ||
| 260 |
_aSantiago, Chile : _bImp. y Lito. Universo, _cc1944 |
||
| 300 | _a461 p | ||
| 650 |
_asalud _95408 |
||
| 942 | _cBK | ||
| 999 |
_c22392 _d22392 |
||